000 00985nam a22003017a 4500
001 BR7406760
003 BR-BrBNA
005 20230928084657.0
007 ta
008 230509b bl.||||| |||| 00| 0 por d
040 _aBR-BrBNA
_bpor
_cBiblioteca Nacional de Agricultura
041 _a(Por)
072 _aP10; F06
_b/G514
_b/GZ65
_b/GZ36
090 _ P10 BR7406760
110 1 _aSuperintendencia do Vale do Sao Francisco, Rio de Janeiro, GB (Brasil)
_910220
245 1 _aPlano diretor de regiao do Vale do Rio Grande. Relatorio final. Parte 3. Estudos alternativos e projetos selecionados [Brasil]
260 3 _aRio de Janeiro, GB (Brasil):
_c1974.
300 _a329 p.
500 _a20 illus.; 80 tables; 4 Maps, scale 1:100.000
650 _aPROJETO DE DESENVOLVIMENTO
650 _aRECURSO DO SOLO
650 _aRECURSO HIDRICO
650 _aIRRIGACAO
650 _aCUSTO
650 _aVALE DO RIO GRANDE
909 _a202309
_bLucia
_c55
_dLucia Elande
942 _cBK
999 _c20430
_d20430